Desserts from 'F' - Statistics

General Stats
  • This quiz has been taken 47 times
  • The average score is 3 of 16
Answer Stats
Picture Answer % Correct
French Toast
90%
Flan
66%
Fairy Bread
39%
Funnel Cake
37%
Frangipane
12%
Falooda
5%
Fank
5%
Fazuelos
2%
Financier
2%
Floating Island
2%
Flummery
2%
Frankfurter Kranz
2%
Fa Gao
0%
Flapper Pie
0%
Frittole
0%
Funsterc
0%
No matching quizzes found
Score Distribution
Percent of People with Each Score
Percentile by Number Answered
Your Score History
You have not taken this quiz